[Event "4NCL Division 2b"]
[Site "Telford, ENG"]
[Date "2017.03.04"]
[Round "7.51"]
[White "Carleton, John J"]
[Black "Jones, Steven A"]
[Result "1/2-1/2"]
[WhiteElo "2290"]
[BlackElo "2157"]
[PlyCount "80"]
[EventDate "2017.03.04"]
[WhiteTeam "Spirit of Atticus A"]
[BlackTeam "Bradford DCA Knights A"]

1. d4 Nf6 2. c4 g6 3. Nc3 Bg7 4. e4 d6 5. Be2 O-O 6. f4 c5 7. Nf3 cxd4 8. Nxd4
Nc6 9. Be3 Qb6 10. Nc2 Qa5 11. O-O Nd7 12. Qd2 Nc5 13. Nd4 Nxd4 14. Bxd4 Nxe4
15. Qe3 Bxd4 16. Qxd4 Nxc3 17. bxc3 Be6 18. Rfb1 b6 19. a4 Bd7 20. h4 Rac8 21.
h5 Rfd8 22. hxg6 hxg6 23. Kf2 e5 24. fxe5 dxe5 25. Qe3 Qc5 26. a5 Be6 27. axb6
axb6 28. Rxb6 Bxc4 29. Qxc5 Rxc5 30. Bf3 Be6 31. Ra3 Rd3 32. Be4 Rdxc3 33. Rxc3
Rxc3 34. Bxg6 Kg7 35. Be4 Ra3 36. Bf3 Ra5 37. Ke3 Bd5 38. Bxd5 Rxd5 39. Ke4 Ra5
40. Kf5 Ra2 1/2-1/2

[Event "4NCL Division 2b"]
[Site "Telford, ENG"]
[Date "2017.03.04"]
[Round "7.52"]
[White "Bak, Andrew"]
[Black "Lund, D Brett"]
[Result "0-1"]
[WhiteElo "2041"]
[BlackElo "2287"]
[PlyCount "60"]
[EventDate "2017.03.04"]
[WhiteTeam "Bradford DCA Knights A"]
[BlackTeam "Spirit of Atticus A"]

1. e4 d6 2. Nc3 c6 3. f4 d5 4. Nf3 g6 5. exd5 cxd5 6. Bb5+ Nc6 7. Ne5 Bd7 8.
Qe2 Nf6 9. g4 Bg7 10. g5 Nh5 11. Nxd5 O-O 12. Bxc6 bxc6 13. Nxd7 Qxd7 14. Ne3
Nxf4 15. Qg4 Qxg4 16. Nxg4 f5 17. gxf6 exf6 18. d3 Nd5 19. Bh6 Rfe8+ 20. Kd2
Bh8 21. Ne3 Nb6 22. Rae1 Re7 23. h4 Rae8 24. b3 f5 25. a4 Kf7 26. a5 Nd7 27. c3
Ne5 28. Rhf1 Ng4 29. Nxf5 gxf5 30. Rxf5+ Kg6 0-1

[Event "4NCL Division 2b"]
[Site "Telford, ENG"]
[Date "2017.03.04"]
[Round "7.53"]
[White "Mitchell, Martin"]
[Black "Jennings, Roger W"]
[Result "1-0"]
[WhiteElo "2207"]
[BlackElo "2038"]
[PlyCount "72"]
[EventDate "2017.03.04"]
[WhiteTeam "Spirit of Atticus A"]
[BlackTeam "Bradford DCA Knights A"]

1. e4 g6 2. d4 Bg7 3. c4 d6 4. Nc3 Nf6 5. Be2 O-O 6. Nf3 Bg4 7. Be3 Nc6 8. O-O
e5 9. d5 Ne7 10. Nd2 Bxe2 11. Qxe2 Nh5 12. c5 f5 13. cxd6 cxd6 14. f3 Nf4 15.
Qb5 g5 16. Qxb7 Neg6 17. Qa6 Nh4 18. Rf2 g4 19. fxg4 fxg4 20. Nf1 Nfxg2 21.
Rxg2 Nxg2 22. Kxg2 Qh4 23. Qe2 Rf3 24. Bf2 Qh3+ 25. Kg1 Raf8 26. Bxa7 Bh6 27.
Qg2 Bf4 28. Qxh3 Rxh3 29. Rd1 Rf7 30. Nb5 h5 31. Kg2 h4 32. Bf2 Rh7 33. Nxd6
Rf3 34. Nf5 h3+ 35. Kg1 Rb7 36. b3 Ra7 1-0

[Event "4NCL Division 2b"]
[Site "Telford, ENG"]
[Date "2017.03.04"]
[Round "7.54"]
[White "Nicholson, Jim W R"]
[Black "House, Glenn L"]
[Result "0-1"]
[WhiteElo "2020"]
[BlackElo "2201"]
[PlyCount "118"]
[EventDate "2017.03.04"]
[WhiteTeam "Bradford DCA Knights A"]
[BlackTeam "Spirit of Atticus A"]

1. d4 Nf6 2. Nf3 e6 3. Bg5 c5 4. e3 h6 5. Bh4 cxd4 6. exd4 b6 7. c3 Be7 8. Nbd2
Bb7 9. Bd3 d6 10. O-O O-O 11. a4 a6 12. Re1 Nbd7 13. Nc4 Re8 14. Bg3 Qc7 15. h3
Bf8 16. Nfd2 Rad8 17. Qe2 Rb8 18. Ne3 Ra8 19. f4 Qc6 20. Nf3 g6 21. Qf1 Qc7 22.
Rac1 Bc6 23. Bxa6 Bxa4 24. Ra1 Bc6 25. Bb5 Qb7 26. Bxc6 Qxc6 27. Qc4 Qxc4 28.
Nxc4 b5 29. Ncd2 Nb6 30. Bh4 Nfd5 31. Ne4 Kg7 32. Bg3 f5 33. Nf2 Kf7 34. Nd3
Nf6 35. Nd2 Nc4 36. Nxc4 bxc4 37. Nb4 Ne4 38. Bf2 d5 39. Nc6 Bd6 40. Be3 Rec8
41. Ne5+ Bxe5 42. dxe5 g5 43. Kh2 Rcb8 44. fxg5 hxg5 45. Rxa8 Rxa8 46. Bd4 Ra2
47. Re2 f4 48. Rc2 Kg6 49. g4 fxg3+ 50. Kg2 Ra1 51. Re2 Rd1 52. Be3 Kh5 53. Bd4
Kh4 54. Be3 g4 55. hxg4 Kxg4 56. Bd4 Rd2 57. Rxd2 Nxd2 58. Bb6 Nf3 59. Bc7 Nh4+
0-1

[Event "4NCL Division 2b"]
[Site "Telford, ENG"]
[Date "2017.03.04"]
[Round "7.56"]
[White "Slinger, Tony J"]
[Black "Jackson, Sheila"]
[Result "0-1"]
[WhiteElo "1899"]
[BlackElo "2136"]
[PlyCount "44"]
[EventDate "2017.03.04"]
[WhiteTeam "Bradford DCA Knights A"]
[BlackTeam "Spirit of Atticus A"]

1. e4 e5 2. Nc3 Nf6 3. Bc4 Nc6 4. d3 Bc5 5. f4 d6 6. Nf3 Bg4 7. h3 Bxf3 8. Qxf3
Nd4 9. Qg3 O-O 10. f5 c6 11. Bh6 Nh5 12. Qg4 Nxc2+ 13. Kd1 Nxa1 14. Rf1 Kh8 15.
Bg5 Nf6 16. Qh4 b5 17. Bxb5 cxb5 18. Nd5 Nxd5 19. Bxd8 Ne3+ 20. Kc1 Nxf1 21. f6
Rfxd8 22. fxg7+ Kg8 0-1

[Event "4NCL Division 2b"]
[Site "Telford, ENG"]
[Date "2017.03.04"]
[Round "7.57"]
[White "Bimpson, Tom"]
[Black "Patrick, David A"]
[Result "1-0"]
[WhiteElo "2099"]
[BlackElo "1862"]
[PlyCount "67"]
[EventDate "2017.03.04"]
[WhiteTeam "Spirit of Atticus A"]
[BlackTeam "Bradford DCA Knights A"]

1. d4 d5 2. Bf4 Nf6 3. e3 Bf5 4. c4 c6 5. Nc3 e6 6. Qb3 Qb6 7. c5 Qxb3 8. axb3
Nbd7 9. b4 h6 10. h3 Be7 11. b5 Ne4 12. bxc6 bxc6 13. Ba6 e5 14. Bxe5 Nxe5 15.
dxe5 Nxc5 16. Nf3 Bd3 17. Bxd3 Nxd3+ 18. Ke2 Nxb2 19. Nd4 Rc8 20. Rxa7 Nc4 21.
f4 Bb4 22. Rc1 O-O 23. Ra4 Bc5 24. Ra6 Bb6 25. Nxc6 Bxe3 26. Rd1 Ra8 27. Rxa8
Rxa8 28. Nxd5 Ra2+ 29. Kf3 Bd2 30. Nde7+ Kh7 31. Nf5 g5 32. fxg5 hxg5 33. Nd6
Bf4 34. Nxc4 1-0

[Event "4NCL Division 2b"]
[Site "Telford, ENG"]
[Date "2017.03.04"]
[Round "7.58"]
[White "Verma, Shlok"]
[Black "Ackley, Peter J E"]
[Result "0-1"]
[WhiteElo "1451"]
[BlackElo "1993"]
[PlyCount "54"]
[EventDate "2017.03.04"]
[WhiteTeam "Bradford DCA Knights A"]
[BlackTeam "Spirit of Atticus A"]

1. d4 g6 2. c4 Bg7 3. Nf3 d6 4. Nc3 e5 5. d5 f5 6. e4 Nf6 7. Bd3 a5 8. Bg5 Na6
9. O-O O-O 10. a3 Bd7 11. Qc2 Nc5 12. b4 Nxd3 13. Qxd3 h6 14. Be3 f4 15. Bd2 g5
16. Ne1 axb4 17. axb4 Rxa1 18. Nc2 Rxf1+ 19. Qxf1 g4 20. g3 Nh7 21. Qc1 Ng5 22.
Kh1 Qf6 23. Ne2 Nxe4 24. Qe1 fxg3 25. fxg3 Qf1+ 26. Qxf1 Rxf1+ 27. Ng1 Nxd2 0-1

[Event "4NCL Division 2b"]
[Site "Telford, ENG"]
[Date "2017.03.04"]
[Round "7.61"]
[White "Bisby, Daniel L"]
[Black "Greet, Andrew N"]
[Result "0-1"]
[WhiteElo "2303"]
[BlackElo "2447"]
[PlyCount "82"]
[EventDate "2017.03.04"]
[WhiteTeam "Cambridge University 1"]
[BlackTeam "Alba"]

1. c4 e5 2. Nc3 Bb4 3. Nf3 Bxc3 4. dxc3 Nc6 5. e4 Nge7 6. g3 O-O 7. Bg2 d6 8.
b3 f5 9. exf5 Bxf5 10. Nh4 Be6 11. O-O Qd7 12. Re1 Rf7 13. Be3 Raf8 14. Qc2 h6
15. Rad1 Rf6 16. Be4 g5 17. Ng2 Bg4 18. Rd2 Bf3 19. h4 Qg4 20. Bxf3 Rxf3 21. c5
R8f6 22. cxd6 cxd6 23. Qd3 Nf5 24. hxg5 hxg5 25. Qc4+ Qxc4 26. bxc4 b6 27. Bxg5
Rg6 28. Nh4 Nxh4 29. gxh4 Rxc3 30. Red1 Nd4 31. Rxd4 exd4 32. Rxd4 Ra3 33. Re4
Rxa2 34. f4 Rg7 35. h5 Rc7 36. h6 d5 37. Re8+ Kh7 38. f5 dxc4 39. Bf6 Kxh6 40.
Re4 Kh7 41. Be5 Re7 0-1

[Event "4NCL Division 2b"]
[Site "Telford, ENG"]
[Date "2017.03.04"]
[Round "7.62"]
[White "Sreeves, Clement"]
[Black "Lee, Richard W Y"]
[Result "1-0"]
[WhiteElo "2380"]
[BlackElo "2153"]
[PlyCount "89"]
[EventDate "2017.03.04"]
[WhiteTeam "Alba"]
[BlackTeam "Cambridge University 1"]

1. e4 e6 2. d4 d5 3. Nc3 dxe4 4. Nxe4 Bd7 5. Nf3 Bc6 6. Bd3 Nd7 7. O-O Ngf6 8.
Ned2 Be7 9. Nc4 Be4 10. Bxe4 Nxe4 11. Re1 Nef6 12. Bf4 O-O 13. c3 Nb6 14. Nxb6
axb6 15. a4 Nh5 16. Be3 Qd5 17. Ne5 Nf6 18. Qe2 c6 19. b4 b5 20. axb5 cxb5 21.
Bg5 Rfc8 22. Qd3 h6 23. Bxf6 Bxf6 24. Ng4 Bg5 25. g3 h5 26. Ne5 Bf6 27. Rxa8
Rxa8 28. Qf3 Qxf3 29. Nxf3 Kf8 30. Kf1 Ra3 31. Rc1 Ke7 32. Ne5 g6 33. Rc2 Bg7
34. Ke2 Rb3 35. Kd3 Ra3 36. h4 Bf6 37. Re2 b6 38. Re3 Ra2 39. Rf3 Ra1 40. Nc6+
Kd6 41. Rxf6 Kxc6 42. Rxf7 Rf1 43. Ke4 Rc1 44. Ke5 Re1+ 45. Kf6 1-0

[Event "4NCL Division 2b"]
[Site "Telford, ENG"]
[Date "2017.03.04"]
[Round "7.63"]
[White "Bukojemski, Adam"]
[Black "McKay, Roderick M"]
[Result "0-1"]
[WhiteElo "2209"]
[BlackElo "2333"]
[PlyCount "80"]
[EventDate "2017.03.04"]
[WhiteTeam "Cambridge University 1"]
[BlackTeam "Alba"]

1. e4 d6 2. d4 Nf6 3. Nc3 e5 4. dxe5 dxe5 5. Qxd8+ Kxd8 6. Bg5 c6 7. f4 h6 8.
Bxf6+ gxf6 9. O-O-O+ Kc7 10. Bc4 exf4 11. Bxf7 Nd7 12. Nge2 Ne5 13. Bb3 Bc5 14.
Rdf1 f3 15. gxf3 Bh3 16. a4 Bxf1 17. Rxf1 Rad8 18. h3 Rd7 19. f4 Ng6 20. Rf3
Rhh7 21. Be6 Rde7 22. Bc4 Rhg7 23. Bd3 Nh4 24. Rf1 Rg2 25. Nd1 Reg7 26. f5 Kd6
27. Rf4 Rxe2 28. Bxe2 Ng2 29. Rf3 Ke5 30. Bd3 Ne1 31. Rf1 Nxd3+ 32. cxd3 Rg3
33. Kc2 Rxh3 34. Kc3 h5 35. Kc4 Bd4 36. Nc3 Rh2 37. Kb3 a5 38. Rf3 h4 39. Nd1
b5 40. Ka3 Rd2 0-1

[Event "4NCL Division 2b"]
[Site "Telford, ENG"]
[Date "2017.03.04"]
[Round "7.64"]
[White "Berry, Neil"]
[Black "Beckett, Chris J"]
[Result "1-0"]
[WhiteElo "2291"]
[BlackElo "2174"]
[PlyCount "75"]
[EventDate "2017.03.04"]
[WhiteTeam "Alba"]
[BlackTeam "Cambridge University 1"]

1. d4 e6 2. c4 Bb4+ 3. Bd2 a5 4. Nc3 Nf6 5. e3 O-O 6. Bd3 d5 7. Nf3 Nbd7 8. O-O
Bd6 9. Qc2 c6 10. Rad1 dxc4 11. Bxc4 e5 12. h3 Qe7 13. Rfe1 e4 14. Ng5 Nb6 15.
Bf1 Bf5 16. f3 Bg3 17. Ngxe4 Nxe4 18. fxe4 Be6 19. Re2 Bc4 20. e5 f5 21. Bc1
Qg5 22. b3 Bxe2 23. Nxe2 Qh4 24. Nc3 Kh8 25. Ba3 Rfe8 26. Qxf5 a4 27. Bc5 Nd5
28. Nxd5 cxd5 29. Bb5 Rec8 30. bxa4 b6 31. Bb4 Qh6 32. Qf3 Bh4 33. Rf1 Bg5 34.
Bd6 Bxe3+ 35. Kh1 Rg8 36. Bc6 Rac8 37. Bxd5 Bxd4 38. Bxg8 1-0

[Event "4NCL Division 2b"]
[Site "Telford, ENG"]
[Date "2017.03.04"]
[Round "7.65"]
[White "Kalavannan, Koby"]
[Black "Swan, Iain"]
[Result "0-1"]
[WhiteElo "2163"]
[BlackElo "2258"]
[PlyCount "77"]
[EventDate "2017.03.04"]
[WhiteTeam "Cambridge University 1"]
[BlackTeam "Alba"]

1. d4 d5 2. Nf3 Nf6 3. c4 e6 4. g3 dxc4 5. Bg2 a6 6. O-O b5 7. a4 Bb7 8. b3
cxb3 9. axb5 axb5 10. Rxa8 Bxa8 11. Qxb3 c6 12. Ba3 Be7 13. Rc1 O-O 14. Bxe7
Qxe7 15. Ne5 Qd6 16. e3 Nfd7 17. Nd3 e5 18. Qa3 Qxa3 19. Nxa3 exd4 20. exd4 Nb6
21. Nb4 Rd8 22. Bxc6 Rc8 23. d5 Nxd5 24. Nxd5 Nxc6 25. Nxb5 Rd8 26. Rxc6 Bxc6
27. Ne7+ Kf8 28. Nxc6 Rd1+ 29. Kg2 h5 30. h4 g6 31. Nbd4 Kg7 32. Nf3 f6 33.
Ncd4 Kf7 34. Ne2 Rd3 35. Nf4 Rd1 36. Ng1 Re1 37. Nf3 Rd1 38. Ng1 Re1 39. Nf3
0-1

[Event "4NCL Division 2b"]
[Site "Telford, ENG"]
[Date "2017.03.04"]
[Round "7.66"]
[White "MacQueen, Calum"]
[Black "Robertson, J Stuart"]
[Result "1/2-1/2"]
[WhiteElo "2255"]
[BlackElo "2107"]
[PlyCount "96"]
[EventDate "2017.03.04"]
[WhiteTeam "Alba"]
[BlackTeam "Cambridge University 1"]

1. d4 d5 2. c4 c6 3. Nf3 Nf6 4. e3 Bf5 5. Nc3 e6 6. Be2 Nbd7 7. Nh4 Bg6 8. Qb3
Qc7 9. Bd2 dxc4 10. Bxc4 Bh5 11. e4 Be7 12. Nf3 b5 13. Bd3 O-O 14. e5 Ne8 15.
Ng5 h6 16. Nh7 Nxe5 17. dxe5 Rd8 18. Ne2 Rxd3 19. Qxd3 Bg6 20. Qg3 Kxh7 21. O-O
c5 22. Rfc1 Qc6 23. a4 a6 24. axb5 axb5 25. Qa3 Nc7 26. Be3 Ra8 27. Qb3 Rxa1
28. Rxa1 c4 29. Qd1 Nd5 30. Bd4 Bh5 31. f3 Bg6 32. Nc3 Nf4 33. Qd2 Nd3 34. Ra5
Bb4 35. Ra2 Bc5 36. Qe3 Be7 37. Ne2 Bg5 38. f4 Bd8 39. Ra7 b4 40. Kh1 Bh4 41.
Qf3 Qxf3 42. gxf3 Ne1 43. Ng3 Nxf3 44. Bc5 c3 45. bxc3 bxc3 46. Kg2 Ne1+ 47.
Kf1 Nf3 48. Kg2 Ne1+ 1/2-1/2

[Event "4NCL Division 2b"]
[Site "Telford, ENG"]
[Date "2017.03.04"]
[Round "7.67"]
[White "Stanisz, Patryk"]
[Black "Findlay, David John"]
[Result "1/2-1/2"]
[WhiteElo "2073"]
[BlackElo "2176"]
[PlyCount "34"]
[EventDate "2017.03.04"]
[WhiteTeam "Cambridge University 1"]
[BlackTeam "Alba"]

1. d4 d5 2. c4 e6 3. Nc3 c5 4. cxd5 exd5 5. Nf3 Nc6 6. g3 Nf6 7. Bg2 Be7 8. O-O
O-O 9. Bg5 Be6 10. dxc5 Bxc5 11. Na4 Be7 12. Rc1 Re8 13. Nd4 Bd7 14. e3 h6 15.
Bxf6 Bxf6 16. Nc5 Nxd4 17. Nxd7 Qxd7 1/2-1/2

[Event "4NCL Division 2b"]
[Site "Telford, ENG"]
[Date "2017.03.04"]
[Round "7.68"]
[White "Shafi, Declan"]
[Black "Spencer, Carl J"]
[Result "1/2-1/2"]
[WhiteElo "2006"]
[BlackElo "2120"]
[PlyCount "80"]
[EventDate "2017.03.04"]
[WhiteTeam "Alba"]
[BlackTeam "Cambridge University 1"]

1. d4 Nf6 2. Nf3 e6 3. e3 c5 4. Bd3 b6 5. c4 Bb7 6. Nc3 Be7 7. O-O O-O 8. d5
exd5 9. cxd5 d6 10. e4 a6 11. a4 Qc7 12. Nd2 Nbd7 13. f4 g6 14. Nc4 Nh5 15. Re1
f6 16. Qf3 Rab8 17. b3 Bc8 18. Ne3 Ng7 19. Bb2 g5 20. g3 f5 21. Nxf5 Nxf5 22.
exf5 Bf6 23. Qg4 Kh8 24. Nd1 Bxb2 25. Nxb2 gxf4 26. Qxf4 Ne5 27. Be4 Qg7 28.
Nc4 Nxc4 29. bxc4 Qd4+ 30. Kg2 Bxf5 31. Bxf5 Qxf4 32. gxf4 Rxf5 33. Kf3 b5 34.
axb5 axb5 35. Ra6 bxc4 36. Rxd6 c3 37. Rc1 Rbf8 38. Rxc3 Rxf4+ 39. Kg3 c4 40.
Rd8 Rxd8 1/2-1/2

[Event "4NCL Division 2b"]
[Site "Telford, ENG"]
[Date "2017.03.04"]
[Round "7.71"]
[White "Townsend, M Paul"]
[Black "Pitcher, John"]
[Result "1-0"]
[WhiteElo "2186"]
[BlackElo "2222"]
[PlyCount "57"]
[EventDate "2017.03.04"]
[WhiteTeam "White Rose 2"]
[BlackTeam "Warwickshire Select 1"]

1. Nf3 d5 2. c4 c6 3. g3 Nf6 4. Bg2 Bf5 5. cxd5 cxd5 6. Qb3 Qc7 7. Nc3 e6 8. d3
Nc6 9. O-O a6 10. Bf4 Bd6 11. Bxd6 Qxd6 12. Qxb7 O-O 13. Qb3 Bg4 14. Qd1 Rab8
15. b3 Rfc8 16. Rc1 Qb4 17. Na4 e5 18. h3 Bxf3 19. Bxf3 Nd4 20. Rxc8+ Rxc8 21.
e3 Nxf3+ 22. Qxf3 Rc2 23. Qf5 h5 24. d4 e4 25. Nc5 Rxa2 26. g4 hxg4 27. hxg4
Qd2 28. g5 Nh7 29. g6 1-0

[Event "4NCL Division 2b"]
[Site "Telford, ENG"]
[Date "2017.03.04"]
[Round "7.72"]
[White "Thomas, Nicholas"]
[Black "Gayson, Peter M"]
[Result "1/2-1/2"]
[WhiteElo "2244"]
[BlackElo "2148"]
[PlyCount "40"]
[EventDate "2017.03.04"]
[WhiteTeam "Warwickshire Select 1"]
[BlackTeam "White Rose 2"]

1. e4 c5 2. Nc3 e6 3. g3 d5 4. exd5 exd5 5. Bg2 Nf6 6. Nge2 d4 7. Ne4 Be7 8. d3
Nc6 9. Nxf6+ Bxf6 10. O-O O-O 11. h3 Be6 12. Nf4 Qd7 13. Nxe6 Qxe6 14. Re1 Qd7
15. Qh5 Rac8 16. Bd2 g6 17. Qd5 Qxd5 18. Bxd5 Rfd8 19. Bg2 Nb4 20. Rec1 Nd5
1/2-1/2

[Event "4NCL Division 2b"]
[Site "Telford, ENG"]
[Date "2017.03.04"]
[Round "7.73"]
[White "Burnett, Jim"]
[Black "Mason, Donald J"]
[Result "1/2-1/2"]
[WhiteElo "2096"]
[BlackElo "2137"]
[PlyCount "82"]
[EventDate "2017.03.04"]
[WhiteTeam "White Rose 2"]
[BlackTeam "Warwickshire Select 1"]

1. d4 Nf6 2. Bg5 d5 3. Bxf6 exf6 4. e3 Bd6 5. g3 f5 6. Bg2 c6 7. Ne2 Nd7 8. Nd2
Nf6 9. b3 Ne4 10. c3 h5 11. h4 g6 12. Qc2 O-O 13. Nf4 Qe7 14. O-O Be6 15. Rad1
Kg7 16. Rfe1 Rh8 17. Nxe6+ fxe6 18. Nf3 Qf6 19. Bf1 g5 20. Bd3 g4 21. Bxe4 fxe4
22. Nh2 Rhf8 23. Re2 Qd8 24. Kg2 Rf3 25. Red2 Qf6 26. Rg1 Rf8 27. Nxf3 Qxf3+
28. Kh2 Qf6 29. Rh1 Qxh4+ 30. Kg2 Qg5 31. Qd1 Qf5 32. Qe2 Rh8 33. Rdd1 Kg6 34.
Rh2 Rf8 35. Rdh1 Rh8 36. Rh4 Rh7 37. R4h2 Be7 38. Kf1 Bd6 39. Ke1 a5 40. Kd2
Qg5 41. Kc2 Qf5 1/2-1/2

[Event "4NCL Division 2b"]
[Site "Telford, ENG"]
[Date "2017.03.04"]
[Round "7.76"]
[White "Fallowfield, Jeremy R"]
[Black "Arnott, Jonathan W"]
[Result "1-0"]
[WhiteElo "2155"]
[BlackElo "2127"]
[PlyCount "63"]
[EventDate "2017.03.04"]
[WhiteTeam "Warwickshire Select 1"]
[BlackTeam "White Rose 2"]

1. e4 e6 2. d4 d5 3. Nd2 Nf6 4. Bd3 c5 5. c3 Nc6 6. Ngf3 cxd4 7. cxd4 dxe4 8.
Nxe4 Be7 9. O-O O-O 10. Nc3 Nb4 11. Bb1 Nbd5 12. Ne5 b6 13. Nc6 Qd7 14. Nxe7+
Nxe7 15. Bg5 Nfd5 16. Qd3 Ng6 17. h4 f6 18. Bd2 Bb7 19. h5 Nxc3 20. bxc3 Qd5
21. Qh3 Nh4 22. f3 Qxh5 23. g4 Nxf3+ 24. Rxf3 Qxh3 25. Rxh3 g6 26. g5 e5 27.
Bc2 fxg5 28. Bb3+ Kg7 29. Bxg5 Rf5 30. Bh6+ Kf6 31. dxe5+ Rxe5 32. Be3 1-0

[Event "4NCL Division 2b"]
[Site "Telford, ENG"]
[Date "2017.03.04"]
[Round "7.81"]
[White "Harakis, Alexis M"]
[Black "Wadsworth, Matthew J"]
[Result "0-1"]
[WhiteElo "2238"]
[BlackElo "2350"]
[PlyCount "68"]
[EventDate "2017.03.04"]
[WhiteTeam "KJCA Kings"]
[BlackTeam "Guildford 3"]

1. d4 d5 2. c4 c6 3. Nf3 Nf6 4. Nc3 dxc4 5. a4 Bf5 6. e3 e6 7. Bxc4 Bb4 8. O-O
Nbd7 9. Qe2 Bg6 10. e4 O-O 11. e5 Nd5 12. Nxd5 cxd5 13. Bd3 Bxd3 14. Qxd3 Be7
15. Bd2 Nb8 16. Ne1 Nc6 17. Nc2 a5 18. f4 Qb6 19. Kh1 f5 20. exf6 Bxf6 21. Bc3
Nb4 22. Bxb4 axb4 23. Rad1 b3 24. Ne3 Rxa4 25. Ng4 Bxd4 26. f5 Bxb2 27. fxe6
Rxf1+ 28. Rxf1 Qxe6 29. h3 Ra1 30. Nh6+ Kh8 31. Nf5 Qa6 32. Rxa1 Qxa1+ 33. Kh2
Be5+ 34. Ng3 Qc3 0-1

[Event "4NCL Division 2b"]
[Site "Telford, ENG"]
[Date "2017.03.04"]
[Round "7.82"]
[White "Osborne, Marcus E"]
[Black "Hand, Freddie"]
[Result "0-1"]
[WhiteElo "2229"]
[BlackElo "2119"]
[PlyCount "100"]
[EventDate "2017.03.04"]
[WhiteTeam "Guildford 3"]
[BlackTeam "KJCA Kings"]

1. c4 c6 2. Nf3 d5 3. e3 Nf6 4. Nc3 e6 5. b3 Nbd7 6. Bb2 Bd6 7. Be2 O-O 8. Qc2
b6 9. Rg1 Qe7 10. g4 Rd8 11. g5 Ne8 12. h4 Bb7 13. h5 Rac8 14. g6 fxg6 15. Ng5
h6 16. Nh3 g5 17. O-O-O b5 18. f4 gxf4 19. Nxf4 Bxf4 20. exf4 bxc4 21. Qg6 cxb3
22. axb3 Qf6 23. Nxd5 cxd5+ 24. Kb1 Qxg6+ 25. Rxg6 Nf8 26. Rg3 d4 27. Bd3 Nf6
28. Re1 Nxh5 29. Rg4 Nf6 30. Rg3 Rc7 31. Ka1 Rf7 32. Re5 Rd5 33. Bc4 Rxe5 34.
fxe5 Ne4 35. Rd3 Nc5 36. Rxd4 Ba6 37. Rd6 Bxc4 38. bxc4 Rd7 39. d4 Rxd6 40.
exd6 Nb3+ 41. Ka2 Na5 42. c5 Kf7 43. Bc3 Nc6 44. Kb3 h5 45. Kc4 h4 46. Bd2 h3
47. Bf4 e5 48. dxe5 Ng6 49. Bg3 Ke6 50. Kb5 Ngxe5 0-1

[Event "4NCL Division 2b"]
[Site "Telford, ENG"]
[Date "2017.03.04"]
[Round "7.83"]
[White "Verma, Aditya"]
[Black "Emerson, Roger"]
[Result "0-1"]
[WhiteElo "2055"]
[BlackElo "2195"]
[PlyCount "54"]
[EventDate "2017.03.04"]
[WhiteTeam "KJCA Kings"]
[BlackTeam "Guildford 3"]

1. e4 e5 2. Nf3 Nc6 3. Bb5 Nd4 4. Nxd4 exd4 5. c3 c6 6. Ba4 Bc5 7. O-O Ne7 8.
cxd4 Bxd4 9. Nc3 O-O 10. Ne2 Bb6 11. d3 d5 12. Qc2 Ng6 13. Ng3 f5 14. exd5 cxd5
15. Bb3 Kh8 16. Ne2 f4 17. Nc3 Be6 18. Re1 Bg8 19. Qd1 f3 20. gxf3 Qh4 21. d4
Bc7 22. Kf1 Rae8 23. Rxe8 Rxe8 24. Be3 Nf4 25. Ne2 Qxh2 26. Ke1 Ba5+ 27. Nc3
Ng2+ 0-1

[Event "4NCL Division 2b"]
[Site "Telford, ENG"]
[Date "2017.03.04"]
[Round "7.84"]
[White "Shepley, Julien M"]
[Black "Lunn, Matthew"]
[Result "0-1"]
[WhiteElo "1992"]
[BlackElo "2071"]
[PlyCount "125"]
[EventDate "2017.03.04"]
[WhiteTeam "Guildford 3"]
[BlackTeam "KJCA Kings"]

1. e4 c5 2. Nf3 Nc6 3. c3 d5 4. exd5 Qxd5 5. d4 Bg4 6. Be2 cxd4 7. cxd4 e6 8.
Nc3 Qa5 9. O-O Nf6 10. Be3 Bd6 11. Nb5 Bb8 12. Qd2 Qxd2 13. Bxd2 a6 14. Nc3 Ba7
15. Be3 O-O 16. h3 Bh5 17. Rfd1 Nb4 18. Rac1 Nbd5 19. Nxd5 Nxd5 20. g4 Bg6 21.
Ne5 Be4 22. Bd3 Bxd3 23. Rxd3 Rfd8 24. Rb3 f6 25. Nf3 Rd7 26. Kg2 Re8 27. Rc2
Kf7 28. Bd2 Bb8 29. Bc1 Bd6 30. Bd2 Ree7 31. a4 Rc7 32. Rxc7 Rxc7 33. a5 Ke7
34. Ne1 Kd7 35. Kf3 Kc8 36. Ke4 Rc4 37. Nd3 Rc2 38. Bc3 Kc7 39. h4 Re2+ 40. Kf3
Rc2 41. Nb4 Bxb4 42. Bxb4 Rc4 43. Bc5 Kc6 44. Bb6 Rb4 45. Rxb4 Nxb4 46. Ke4 Nd5
47. f4 Nxb6 48. axb6 a5 49. b3 Kxb6 50. d5 exd5+ 51. Kxd5 Kc7 52. Ke6 b5 53. g5
a4 54. bxa4 bxa4 55. Kf7 fxg5 56. hxg5 g6 57. Kg7 a3 58. Kxh7 a2 59. Kxg6 a1=Q
60. f5 Kd7 61. f6 Ke6 62. Kg7 Qa7+ 63. Kg8 0-1

[Event "4NCL Division 2b"]
[Site "Telford, ENG"]
[Date "2017.03.04"]
[Round "7.85"]
[White "Bansal, Rohan"]
[Black "Punnett, Alan K"]
[Result "0-1"]
[WhiteElo "1972"]
[BlackElo "2039"]
[PlyCount "61"]
[EventDate "2017.03.04"]
[WhiteTeam "KJCA Kings"]
[BlackTeam "Guildford 3"]

1. d4 Nf6 2. c4 e6 3. Nc3 Bb4 4. Qc2 O-O 5. a3 Bxc3+ 6. Qxc3 b5 7. cxb5 c6 8.
bxc6 Nxc6 9. e3 Bb7 10. Nf3 Rc8 11. Qd3 Na5 12. b4 Be4 13. Qd2 Nb3 14. Qb2 Nxa1
15. Qxa1 Qc7 16. Bb2 Qc2 17. Be2 Bd3 18. Bd1 Qb1 19. Qxb1 Bxb1 20. Nd2 Bd3 21.
Nb3 Bc2 22. Nc5 Bxd1 23. Kxd1 d6 24. Nd3 Nd5 25. Kd2 Nb6 26. Bc1 Rc7 27. b5 Na4
28. Nb2 Nc3 29. a4 Rfc8 30. Nd3 Nxa4 31. Nb4 0-1

[Event "4NCL Division 2b"]
[Site "Telford, ENG"]
[Date "2017.03.04"]
[Round "7.86"]
[White "White, Nigel"]
[Black "Anbukumar, Hajane"]
[Result "1/2-1/2"]
[WhiteElo "1982"]
[BlackElo "1929"]
[PlyCount "134"]
[EventDate "2017.03.04"]
[WhiteTeam "Guildford 3"]
[BlackTeam "KJCA Kings"]

1. e4 e5 2. Nf3 Nc6 3. Bb5 a6 4. Ba4 Nf6 5. O-O Be7 6. Re1 b5 7. Bb3 O-O 8. a4
Bb7 9. c3 d6 10. d4 Nb8 11. Nbd2 Nbd7 12. Bc2 c6 13. b3 Qc7 14. Bb2 Rfc8 15.
Qe2 Bf8 16. Bd3 Rcb8 17. c4 exd4 18. cxb5 c5 19. bxa6 Bc8 20. Rec1 Qa7 21. e5
dxe5 22. Nxe5 Nxe5 23. Qxe5 Bxa6 24. Bxa6 Qxa6 25. Ba3 Re8 26. Qg5 h6 27. Qf5
g6 28. Qf3 Qe2 29. Qxf6 Qxd2 30. Qf3 Rab8 31. g3 Re5 32. Kg2 Rf5 33. Rd1 Qc2
34. Rdc1 Qxc1 35. Bxc1 Rxf3 36. Kxf3 Rxb3+ 37. Ke4 c4 38. a5 d3 39. a6 f5+ 40.
Kd5 c3 41. a7 d2 42. Bxd2 cxd2 43. a8=Q Rd3+ 44. Ke6 d1=Q 45. Rxd1 Rxd1 46. Qa2
Bg7 47. Ke7+ Kh7 48. h4 Re1+ 49. Kf7 Ra1 50. Qd5 Ra7+ 51. Ke8 h5 52. f3 Ra4 53.
Qc6 Ra7 54. Qd5 Bf6 55. Qc5 Re7+ 56. Kf8 Rd7 57. Qc6 Bg7+ 58. Ke8 Ra7 59. Qb6
Ra8+ 60. Ke7 Rf8 61. Qe6 Rg8 62. g4 hxg4 63. fxg4 fxg4 64. Qxg4 Bf8+ 65. Kf7
Bh6 66. Qe4 Rf8+ 67. Ke7 Rf4 1/2-1/2

[Event "4NCL Division 2b"]
[Site "Telford, ENG"]
[Date "2017.03.04"]
[Round "7.87"]
[White "Golding, James"]
[Black "Stimpson, Philip M"]
[Result "1-0"]
[WhiteElo "1925"]
[BlackElo "1934"]
[PlyCount "69"]
[EventDate "2017.03.04"]
[WhiteTeam "KJCA Kings"]
[BlackTeam "Guildford 3"]

1. d4 Nf6 2. c4 e6 3. Nf3 d5 4. Bg5 Bb4+ 5. Nc3 dxc4 6. e3 c5 7. Bxc4 a6 8. O-O
b5 9. Bd3 c4 10. Be4 Ra7 11. Rc1 Be7 12. Bb1 Bb7 13. Re1 O-O 14. Qc2 Nbd7 15.
e4 g6 16. Qd2 Re8 17. h3 Nh5 18. Be3 Ng7 19. a3 Ra8 20. Rcd1 Nf6 21. Bg5 Nd7
22. Bf4 Nh5 23. Bh2 f5 24. d5 Nc5 25. exf5 exf5 26. d6 Bf6 27. Nd5 Nb3 28. Qb4
Bxd5 29. Rxd5 Qd7 30. Ne5 Qb7 31. Red1 Qg7 32. d7 Red8 33. Nc6 Bxb2 34. Nxd8
Rxd8 35. Bc7 1-0